Analytical method of calculating of open pit slopes stability on a weak base of unlimited thickness; Mechanical Engineering, Automation and Control Systems (MEACS)
| Parent link: | Mechanical Engineering, Automation and Control Systems (MEACS).— 2014.— [5 p.] |
|---|---|
| Egile nagusia: | |
| Erakunde egilea: | |
| Beste egile batzuk: | , |
| Gaia: | Title screen Mineral recources mining can cause a number of problems, which are fully described and prognosed in the article. The problems consist in the weak base, existing in the slopes, that can lead to the bedding of the slope base. There are two possible methods of calculating of the parametres that can prevent such problem as bedding. These methods are numerical and analytical. The more detailed explanation of these methods has been given in the article. Режим доступа: по договору с организацией-держателем ресурса |
| Hizkuntza: | ingelesa |
| Argitaratua: |
2014
|
| Gaiak: | |
| Sarrera elektronikoa: | http://dx.doi.org/10.1109/MEACS.2014.6986893 |
| Formatua: | Baliabide elektronikoa Liburu kapitulua |
| KOHA link: | https://koha.lib.tpu.ru/cgi-bin/koha/opac-detail.pl?biblionumber=639697 |
MARC
| LEADER | 00000nla2a2200000 4500 | ||
|---|---|---|---|
| 001 | 639697 | ||
| 005 | 20231101134057.0 | ||
| 035 | |a (RuTPU)RU\TPU\network\4185 | ||
| 035 | |a RU\TPU\network\3490 | ||
| 090 | |a 639697 | ||
| 100 | |a 20150320a2014 k y0engy50 ba | ||
| 101 | 0 | |a eng | |
| 105 | |a a z 101zy | ||
| 135 | |a drcn ---uucaa | ||
| 181 | 0 | |a i | |
| 182 | 0 | |a b | |
| 200 | 1 | |a Analytical method of calculating of open pit slopes stability on a weak base of unlimited thickness |f V. Dolgonosov, O. B. Fofanov, V. Yavorskiy | |
| 203 | |a Text |c electronic | ||
| 300 | |a Title screen | ||
| 320 | |a [References: 3 tit.] | ||
| 330 | |a Mineral recources mining can cause a number of problems, which are fully described and prognosed in the article. The problems consist in the weak base, existing in the slopes, that can lead to the bedding of the slope base. There are two possible methods of calculating of the parametres that can prevent such problem as bedding. These methods are numerical and analytical. The more detailed explanation of these methods has been given in the article. | ||
| 333 | |a Режим доступа: по договору с организацией-держателем ресурса | ||
| 463 | 0 | |0 (RuTPU)RU\TPU\network\3200 |t Mechanical Engineering, Automation and Control Systems (MEACS) |o proceedings of the International Conference, Tomsk, 16-18 October, 2014 |f National Research Tomsk Polytechnic University (TPU) ; Institute of Electrical and Electronics Engineers (IEEE) |v [5 p.] |d 2014 | |
| 610 | 1 | |a электронный ресурс | |
| 610 | 1 | |a труды учёных ТПУ | |
| 610 | 1 | |a weak base | |
| 610 | 1 | |a surface | |
| 610 | 1 | |a slope | |
| 610 | 1 | |a parameters | |
| 610 | 1 | |a bedding | |
| 610 | 1 | |a поверхности | |
| 610 | 1 | |a параметры | |
| 610 | 1 | |a трассы | |
| 610 | 1 | |a полезные ископаемые | |
| 610 | 1 | |a наклон | |
| 700 | 1 | |a Dolgonosov |b V. | |
| 701 | 1 | |a Fofanov |b O. B. |c Specialist in the field of informatics and computer technology |c Associate Professor of Tomsk Polytechnic University, Candidate of technical sciences |f 1949- |g Oleg Borisovich |2 stltpush |3 (RuTPU)RU\TPU\pers\31686 | |
| 701 | 1 | |a Yavorskiy |b V. | |
| 712 | 0 | 2 | |a Национальный исследовательский Томский политехнический университет (ТПУ) |b Институт кибернетики (ИК) |b Кафедра оптимизации систем управления (ОСУ) |b Научно-учебная лаборатория "Виртуальный промысел" (НУЛ ВП) |h 6693 |2 stltpush |3 (RuTPU)RU\TPU\col\20411 |
| 801 | 2 | |a RU |b 63413507 |c 20161227 |g RCR | |
| 856 | 4 | |u http://dx.doi.org/10.1109/MEACS.2014.6986893 | |
| 942 | |c CF | ||